000
00324 a2200157 4500
001
67105
020
_a
9788555431289
040
_c
Anchieta - Pituba
100
_a
Nicola, José de
240
1
0
_a
A voz dos outros
_l
por
245
1
0
_a
A voz dos outros
300
_a
247
362
0
_a
2018
650
4
_a
Poesia
942
_c
BK
999
_c
67105
_d
67105